000 00587cam a22002053a 4500
001 42337
003 PGUSA
005 20140828083945.0
008 130315s2013||||xxu|||||s|||||000 | eng d
040 _aPGUSA
_beng
042 _adc
100 1 _aBrod, Max
245 1 0 _aDie erste Stunde nach dem Tode :
_bEine Gespenstergeschichte
_h[electronic resource] /
_cMax Brod
260 _bProject Gutenberg,
_c2013
506 _aPublic domain in the USA.
516 _aElectronic text
830 0 _aProject Gutenberg
_v42337
856 4 0 _uhttp://www.gutenberg.org/ebooks/42337
942 _cEB
999 _c271589
_d271589